Humano, demasiado humano

Spremljeno u:
Bibliografski detalji
Format: Knjiga
Jezik:španjolski
Izdano: Madrid EDAF 1979
Izdanje:1a. ed
Serija:Biblioteca Edaf de Bolsillo, 123
Teme:
Oznake: Dodaj oznaku
Bez oznaka, Budi prvi tko označuje ovaj zapis!

MARC

LEADER 00000cam a2200000 a 4500
001 UCD9246
003 CL-VaPUC
008 170609e19790000sp |||||||||||||||||spa|d
020 |a 8471666227 
082 0 4 |a 193  |b NIE  |2 21 
245 1 0 |a Humano, demasiado humano 
250 |a 1a. ed 
300 |a 580 p 
942 |c BK 
945 |d 20170609 16:51:00  |a arojas 
260 |a Madrid  |b EDAF  |c 1979 
650 0 |a Filosofía alemana   |9 265002 
650 0 |a Teoría del conocimiento   |9 255038 
650 0 |a Existencialismo  |9 265698 
650 0 |a Naturaleza humana   |9 308593 
583 |a last modification  |c 20170609 16:51:00  |k Rodrigo Vera 
490 0 |a Biblioteca Edaf de Bolsillo, 123 
999 |c 368487  |d 368485 
952 |0 0  |1 0  |3 erb  |4 0  |6 193_000000000000000_NIE_1979  |7 0  |8 A  |9 483820  |a BIBEDU  |b BIBEDU  |i 5395127  |o 193 NIE 1979  |p 5395127  |r 2019-11-24  |w 2019-11-24  |y BK  |z Catalogado en:20170609  |k EPE